000 00457nam a22001457a 4500
003 OSt
005 20160727222450.0
008 160704b xxu||||| |||| 00| 0 eng d
040 _cTEST
100 _92037
_a World Book - Childcraft International Inc.
245 _aScience Year the World Book Science Annual - 1979
260 _aIll
_b World Book Childcraft Inter.
_c1978
300 _aScience Year the World Book Science Annual - 1979
942 _2ddc
_cBK
999 _c1737
_d1737